Небывалая война (Запись № 6121570)

Подробности
000 -МАРКЕР
контрольное поле 01663nam1a22003131i 4500
001 - ИДЕНТИФИКАТОР ЗАПИСИ
контрольное поле rc\1753890
005 - ИДЕНТИФИКАТОР ВЕРСИИ
контрольное поле 20260406103051.0
035 ## - ДРУГИЕ СИСТЕМНЫЕ НОМЕРА
Идентификатор записи (NLR Aleph) 005283492
100 ## - ДАННЫЕ ОБЩЕЙ ОБРАБОТКИ
Данные общей обработки 20061204d1902 |||y0rusy50 ca
101 0# - ЯЗЫК РЕСУРСА
Язык текста, звукозаписи и т.д. русский
102 ## - СТРАНА ПУБЛИКАЦИИ ИЛИ ПРОИЗВОДСТВА
Страна публикации российская федерация
105 ## - ПОЛЕ КОДИРОВАННЫХ ДАННЫХ: ТЕКСТОВЫЕ МАТЕРИАЛЫ, МОНОГРАФИЧЕСКИЕ
Кодированные данные о монографическом текстовом документе y b |||c|
200 1# - ЗАГЛАВИЕ И СВЕДЕНИЯ ОБ ОТВЕТСТВЕННОСТИ
Основное заглавие Небывалая война
Сведения, относящиеся к заглавию С ил. и в карикатурах
-- Очерк сост. по ист. документам бур. правительств и по др. офиц. источникам д-ром Энге, под ред. И.Ф. Василевского. [Вып. 1-2]
210 ## - ПУБЛИКАЦИЯ, РАСПРОСТРАНЕНИЕ И ДР.
Место издания, распространения и т.д. Санкт-Петербург
Имя издателя, распространителя и т. д. тип. МПС (т-ва И.Н. Кушнерев и К°)
Дата издания, распространения и т.д. 1902
215 ## - ФИЗИЧЕСКАЯ ХАРАКТЕРИСТИКА
Специфическое обозначение материала и объем 2 т.
Размеры 20
300 ## - ОБЩИЕ ПРИМЕЧАНИЯ
Текст примечания Авт. установлен по изд.: Масанов И.Ф. Словарь псевдонимов... М., 1957. Т. 2
311 ## - ПРИМЕЧАНИЯ, ОТНОСЯЩИЕСЯ К ПОЛЯМ СВЯЗИ (ПРИМЕЧАНИЯ О СВЯЗИ С ДРУГИМИ ПРОИЗВЕДЕНИЯМИ (ИЗДАНИЯМИ))
Текст примечания 1 премия журн. "Стрекоза". 1902
316 ## - ПРИМЕЧАНИЯ ОБ ОСОБЕННОСТЯХ ЭКЗЕМПЛЯРА
Текст примечания Экз. РНБ (1/409низ): припл. к журн. ... 1902, № 44-45
Организация и экземпляр, к которому относится поле NLR: 1/409низ
422 #0 - ИЗДАНИЕ, К КОТОРОМУ ОТНОСИТСЯ ПРИЛОЖЕНИЕ
Встроенное поле 2001#$aСтрекоза$v1902
Заглавие Стрекоза
482 #0 - ПРИПЛЕТЕНО К
Встроенное поле 2001#$aСтрекоза$v1902, № 44-45
Заглавие Стрекоза
700 #1 - ИМЯ ЛИЦА - ПЕРВИЧНАЯ ОТВЕТСТВЕННОСТЬ
Код отношения Составитель
Материалы, к которым относится поле rus
Графика поля Кириллица
Начальный элемент ввода Шебуев
Часть имени, кроме начального элемента ввода Н. Г.
Даты 1874-1937
Расширение инициалов личного имени Николай Георгиевич
Идентификатор авторитетной/нормативной записи RU\NLR\AUTH\7787377
Системный номер авторитетной/нормативной записи 70305
702 #1 - ИМЯ ЛИЦА - ВТОРИЧНАЯ ОТВЕТСТВЕННОСТЬ
Код отношения Редактор
Материалы, к которым относится поле rus
Графика поля Кириллица
Начальный элемент ввода Василевский
Часть имени, кроме начального элемента ввода И. Ф.
Даты 1849-ок.1918
Расширение инициалов личного имени Ипполит Федорович
Идентификатор авторитетной/нормативной записи RU\NLR\AUTH\7766098
Системный номер авторитетной/нормативной записи 49027
801 #0 - ИСТОЧНИК ЗАПИСИ
Страна российская федерация
Организация NLR
Дата составления 20061204
Правила каталогизации psbo
801 #0 - ИСТОЧНИК ЗАПИСИ
Страна российская федерация
Организация RuMoRGB
Дата составления 20061204
Источник данных psbo
801 #1 - ИСТОЧНИК ЗАПИСИ
Страна российская федерация
Организация ProSoft-M
Дата составления 20061204
Источник данных rusmarc
801 #2 - ИСТОЧНИК ЗАПИСИ
Страна российская федерация
Организация NLR
Дата составления 20130826
Источник данных rusmarc
852 ## - МЕСТОНАХОЖДЕНИЕ И ШИФР ХРАНЕНИЯ
Идентификатор организации NLR
Шифр хранения (Call Number) 1/409низ
942 ## - ДОПОЛНИТЕЛЬНЫЕ ЭЛЕМЕНТЫ ЗАПИСИ (АБИС)
Тип экземпляра АБИС Книга

Нет доступных экземпляров.